Balls by Picture - Statistics

General Stats
  • This quiz has been taken 366 times
  • The average score is 10 of 20
Answer Stats
Picture Answer % Correct
Football
100%
Tennis Ball
99%
Basketball
83%
Baseball
82%
Golf Ball
73%
Bowling Ball
72%
Beach Ball
68%
Marble
63%
Volleyball
60%
Rugby Union Ball
57%
Handball
46%
Billiard Ball
40%
Magic 8 Ball
35%
Cricket Ball
32%
Table Tennis Ball
27%
Squash Ball
12%
Australian Rules Football
11%
Lacrosse Ball
11%
Bandy Ball
2%
Rinkball
1%
No matching quizzes found
Score Distribution
Percent of People with Each Score
Percentile by Number Answered
Your Score History
You have not taken this quiz